| 000 | 00710nam a2200217 a 4500 | ||
|---|---|---|---|
| 001 | 0946 | ||
| 005 | 20140414132145.0 | ||
| 008 | 041008s19uu xx 00 eng d | ||
| 020 | _a0-590-39793-1 | ||
| 050 |
_aKIT (SER) 595.7 _bC16 1998 |
||
| 100 | _aCanizares, Susan | ||
| 245 |
_aWhere do insects live? / _cSusan Canizares, Mary Reid. |
||
| 260 |
_aNew York : _bScholastic Inc., _c1998. |
||
| 300 | _a1 v. (unp.) ; ill. | ||
| 440 | _aScience emergent readers | ||
| 500 | _a"Scholastic early childhood"--Includes index | ||
| 520 | _aPhotographs and simple text describe the habitats of different insects. | ||
| 650 |
_aInsects _xHabitat _xJuvenile literature |
||
| 999 |
_c115417 _d115417 |
||